| 000 | 00377nam a22001577a 4500 | ||
|---|---|---|---|
| 005 | 20161022161132.0 | ||
| 008 | 161022b xxu||||| |||| 00| 0 eng d | ||
| 020 | _a978-81-8031-772-1 | ||
| 041 | _aeng | ||
| 100 |
_aSINGH,KUMAR DR AJAY _93661 |
||
| 245 | _aELECTRONIC PATRAKARITA | ||
| 260 | _bLOK BHARTI | ||
| 300 | _a272 | ||
| 650 |
_aMASS COM JOURNLISM _93664 |
||
| 942 | _cBK | ||
| 999 |
_c5308 _d5306 |
||